Is there a demand for sustainable offices? (Record no. 82068)

MARC details
000 -LEADER
fixed length control field 01294cam a22002295a 4500
001 - CONTROL NUMBER
control field L149131
008 - FIXED-LENGTH DATA ELEMENTS--GENERAL INFORMATION
fixed length control field 100115s2009 xxk 000 0 eng d
035 ## - SYSTEM CONTROL NUMBER
System control number (Sirsi) u149131
041 0# - LANGUAGE CODE
Language code of text/sound track or separate title eng
100 1# - MAIN ENTRY--PERSONAL NAME
Personal name Dixon, Tim
245 00 - TITLE STATEMENT
Title Is there a demand for sustainable offices?
Remainder of title an analysis of UK business occupier moves (2006-2008)
260 ## - PUBLICATION, DISTRIBUTION, ETC.
Date of publication, distribution, etc. 2009
490 #0 - SERIES STATEMENT
Series statement Journal of Property Research
Volume/sequential designation 26(1) March 2009, 61-85(25)
520 ## - SUMMARY, ETC.
Summary, etc. Sustainable or green commercial buildings are seen as a growth sector in the property investment market. But how far has this market actually developed in the UK and overseas? A 2008 survey of 50 UK corporate (private sector) occupiers taking leased and owner-occupied office space suggested that although there is an emerging and increasing demand for sustainable office in the UK, other factors such as location and availability of stock remain more important than sustainability in determining occupiers' final choice of office. Figures.Tables. Notes. References. Appendix: overall summary of office buildings in sample.
590 ## - LOCAL NOTE (RLIN)
Local note KA
651 #4 - SUBJECT ADDED ENTRY--GEOGRAPHIC NAME
Geographic name United Kingdom
Chronological subdivision
690 ## - LOCAL SUBJECT ADDED ENTRY--TOPICAL TERM (OCLC, RLIN)
Topical term or geographic name as entry element PROPERTY-COMMERCIAL PROPERTY-OFFICE PROPERTY-OFFICES
700 1# - ADDED ENTRY--PERSONAL NAME
Personal name Ennis-Reynolds, Gina
700 1# - ADDED ENTRY--PERSONAL NAME
Personal name Roberts, Claire
700 1# - ADDED ENTRY--PERSONAL NAME
Personal name Sims, Sally
942 ## - ADDED ENTRY ELEMENTS (KOHA)
Suppress in OPAC 0

No items available.